header

Artificial intelligence in education (Record no. 215809)

MARC details
000 -LEADER
fixed length control field 01890nam a2200385Ia 4500
082 04 - DEWEY DECIMAL CLASSIFICATION NUMBER
Classification number 371.33/4
245 00 - TITLE STATEMENT
Title Artificial intelligence in education
260 ## - PUBLICATION, DISTRIBUTION, ETC. (IMPRINT)
Place of publication Amsterdam, Netherlands ;
-- Washington, DC :
Name of publisher IOS Press,
Year of publication c2007.
300 ## - PHYSICAL DESCRIPTION
Number of Pages xxiii, 738 p. :
Other physical details ill.
490 1# - SERIES STATEMENT
Series statement Frontiers in artificial intelligence and applications,
500 ## - GENERAL NOTE
General note "The 13th International Conference on Artificial Intelligence in Education (AIED-2007) is being held July 9-13, 2007, in Los Angeles, California."--Pref.
650 #0 - SUBJECT ADDED ENTRY--TOPICAL TERM
Topical Term Artificial intelligence
Topical Term Education
700 1# - ADDED ENTRY--PERSONAL NAME
Personal name Luckin, Rosemary.
Personal name Koedinger, Kenneth R.
Personal name Greer, Jim E.,
856 40 - ELECTRONIC LOCATION AND ACCESS
Uniform Resource Identifier http://site.ebrary.com/lib/rucke/Doc?id=10196613

No items available.

© 2026 Rongo University
Contact us: librarian | system librarian | Rongo university